Cycle de Krebs structure - Statistiques

Statistiques générales
  • Ce quiz a été pris 594 fois
    398 depuis la dernière actualisation
  • Le résultat moyen est 7 sur 10
Statistiques - réponses
Par images Réponse % Correct
acétyl-CoA
93%
succinyl-CoA
76%
isocitrate
75%
citrate
74%
oxaloacétate
69%
succinate
69%
fumarate
68%
malate
67%
alpha cétoglutarate
58%
aconitate
27%
Aucun quiz correspondant
Distribution des résultats
% des personnes avec chaque résultat
Percentile par nombre de réponses
Votre historique - résultats
Vous n’avez pas pris ce quiz depuis la dernière actualisation